000 00248nam a22001217a 4500
008 180309b xxu||||| |||| 00| 0 eng d
041 _aeng
080 _a321
100 _a20
101 _aSHP
245 _aAmerican Law
_cShuman
942 _2udc
_cBK
999 _c44637
_d44637